Bezpečnost práce : aktuální příručka bezpečnosti a ochrany zdraví při práci : základní dílo včetně aktualizací. Sv. 4, Část 13 /

Další autoři: Petrů, Pavel, Tomeček, Milan
Jazyk: Čeština
Vydáno: Praha : Verlag Dashöfer, 1997-^^^^
Témata:
Fyzický popis: 1 sv. (různé stránkování) ; 23 cm + 1 CD-ROM.
Knihy
Uloženo v:
LEADER 01121nam a2200241 a 4500
001 000448272
003 CZ BrMZK
005 20090406092611.0
008 010907s1998 xr f cze d
020 |a 80-902247-3-3 
040 |a BOA001  |b cze 
080 |a 331.45  |2 MRF 
245 0 0 |a Bezpečnost práce :  |b aktuální příručka bezpečnosti a ochrany zdraví při práci : základní dílo včetně aktualizací.  |n Sv. 4, Část 13 /  |c Pavel Petrů, Milan Tomeček a kolektiv autorů. 
260 |a Praha :  |b Verlag Dashöfer,  |c 1997-^^^^ 
300 |a 1 sv. (různé stránkování) ;  |c 23 cm +  |e 1 CD-ROM. 
500 |a Obsahuje aktualizace: 5. - 10., 11. (leden 2000), 12. (duben 2000), 13. (červenec 2000), 14. (říjen 2000), 15. (leden 2001), 16. (duben 2001), 17. (červenec 2001) 
653 0 |a BOZP  |a bezpečnost práce 
700 1 |a Petrů, Pavel  |7 ola2003191790  |4 aut 
700 1 |a Tomeček, Milan  |7 xx0015824  |4 aut 
910 |a BOA001  |b 04148-1049.188,4 
964 |a Práce  |x bezpečnost  |x příručky 
990 |a BK 
996 6 |b 2610104097  |c 04148-1049.188,4  |l MZK  |r Sklad / do 1 hodiny  |n 1  |w 000448272  |u 000010  |a 1  |e BOA001  |j MZK50  |s P